00955 a2200181 45000010006000000050017000060080041000230030015000640400040000790800052001192450027001712500012001982640047002103000025002575050464002820410008007461000019007545996520260407155852.0260407a1954 arg spa dAR-UNSa-BCEJYS aAR-UNSa-BCEJYSbspacAR-UNSa-BCEJYS a342xDerecho constitucional (Derecho Público)10aDerecho constitucional a2a. ed. 1aBuenos Aires :bRoque Depalma Editorc1954 axliv, 703 p.c22 cm. a1. Nociones preliminares - 2. Derecho constitucional - 3. La constitución - 4. El estado, soberanía y poderes - 5. La soberanía y la organización política - 6. La igualdad ante la ley - 7. Derechos, declaraciones y garantías - 8. Garantías de seguridad y defensa personal - 9. Poder legislativo - 10. Atribuciones del congreso - 11. Poder ejecutivo - 12. Poder judicial - 13. Gobierno nacional - 14. Gobierno provincial - 15. Régimen municipal aspa1 aBielsa, Rafael